Quarterbacks Selected in the 2025 Draft - Statistics

General Stats
  • This quiz has been taken 25 times
  • The average score is 8 of 14
Answer Stats
Round Pick Quarterback Team % Correct
1 25 Jaxson Dart Giants
100%
5 144 Shedeur Sanders Browns
100%
1 1 Cam Ward Titans
95%
3 94 Dillon Gabriel Browns
90%
7 231 Quinn Ewers Dolphins
80%
2 40 Tyler Shough Saints
80%
3 92 Jalen Milroe Seahawks
75%
6 185 Will Howard Steelers
60%
6 181 Kyle McCord Eagles
35%
6 189 Riley Leonard Colts
35%
6 197 Graham Mertz Texans
25%
7 227 Kurtis Rourke 49ers
25%
6 215 Cam Miller Raiders
15%
6 213 Tommy Mellott Raiders
15%
No matching quizzes found
Score Distribution
Percent of People with Each Score
Percentile by Number Answered
Your Score History
You have not taken this quiz